[Event "Muensterland Verbandsliga 2526"]
[Site "Germany"]
[Date "2025.09.13"]
[Round "1"]
[Board "4"]
[White "Vogenauer, Nikolas"]
[Black "Hanewinkel, Winfried"]
[Result "1/2-1/2"]
[WhiteElo "1868"]
[BlackElo "1851"]
[WhiteFideId "-1"]
[BlackFideId "-1"]
[PlyCount "57"]
[GameId "2224481077106372"]
[EventDate "2025.??.??"]
[EventType "team-tourn"]
[EventRounds "9"]
[EventCountry "GER"]
[SourceTitle "Verband Muensterland"]
[SourceDate "2025.11.13"]
[SourceVersion "1"]
[SourceVersionDate "2025.11.13"]
[SourceQuality "1"]
[WhiteTeam "Muenster SK IV"]
[BlackTeam "Beelen"]
[WhiteTeamCountry "GER"]
[BlackTeamCountry "GER"]

1. d4 Nf6 2. c4 e6 3. g3 Bb4+ 4. Bd2 Bxd2+ 5. Nxd2 d5 6. Bg2 O-O 7. Ngf3 Qe7 8. O-O Nbd7 9. Qc2 c6 10. Rfe1 Rd8 11. Rac1 dxc4 12. Nxc4 Nd5 13. a3 N5b6 14. Ne3 e5 15. Qe4 Re8 16. Red1 exd4 17. Qxe7 Rxe7 18. Nxd4 g6 19. Nb3 Nf8 20. Rd8 Kg7 21. Rcd1 Nbd7 22. Bh3 f5 23. Nd4 Nb6 24. Rd6 Kf7 25. Nf3 Bd7 26. Bf1 Kg7 27. R6d2 Be6 28. Nd4 Rae8 29. Bg2 1/2-1/2

[Event "Muensterland Verbandsliga 2526"]
[Site "Germany"]
[Date "2025.09.13"]
[Round "1"]
[Board "5"]
[White "Gaebler, Marcel"]
[Black "Boerger, Andreas"]
[Result "0-1"]
[WhiteElo "1726"]
[BlackElo "1763"]
[WhiteFideId "-1"]
[BlackFideId "-1"]
[PlyCount "86"]
[GameId "2224481102268112"]
[EventDate "2025.??.??"]
[EventType "team-tourn"]
[EventRounds "9"]
[EventCountry "GER"]
[SourceTitle "Verband Muensterland"]
[SourceDate "2025.11.13"]
[SourceVersion "1"]
[SourceVersionDate "2025.11.13"]
[SourceQuality "1"]
[WhiteTeam "Beelen"]
[BlackTeam "Muenster SK IV"]
[WhiteTeamCountry "GER"]
[BlackTeamCountry "GER"]

1. d4 c5 2. d5 d6 3. e4 g6 4. Bd2 Bg7 5. Bc3 Nf6 6. Nd2 Nbd7 7. g4 Nb6 8. g5 Nh5 9. Bxg7 Nxg7 10. h4 e6 11. c4 h6 12. f4 hxg5 13. fxg5 Qe7 14. Qf3 Nh5 15. Be2 Bd7 16. Nh3 e5 17. Qa3 f5 18. O-O-O f4 19. Bxh5 Rxh5 20. Nf2 O-O-O 21. Qxa7 Kc7 22. Qa3 Ra8 23. Qf3 Rxa2 24. Kb1 Ra7 25. b3 Qd8 26. Kb2 Qa8 27. Kc2 Ra3 28. Rb1 Ra2+ 29. Rb2 Rxb2+ 30. Kxb2 Qh8 31. Rc1 Rxh4 32. b4 Qh5 33. bxc5 Na4+ 34. Kc2 Nxc5 35. Qa3 Ba4+ 36. Kb1 Qe2 37. Nf3 Rh8 38. Nxe5 Qxf2 39. Nxg6 Ra8 40. Qc3 Bd7 41. Rc2 Qg1+ 42. Rc1 Qxg5 43. Nh8 Qg2 0-1

[Event "Muensterland Verbandsliga 2526"]
[Site "Germany"]
[Date "2025.09.13"]
[Round "1"]
[Board "6"]
[White "Baumann, Eva"]
[Black "Austermann, Reinhold"]
[Result "1/2-1/2"]
[WhiteElo "1709"]
[BlackElo "1786"]
[WhiteFideId "-1"]
[BlackFideId "-1"]
[PlyCount "49"]
[GameId "2224481127941852"]
[EventDate "2025.??.??"]
[EventType "team-tourn"]
[EventRounds "9"]
[EventCountry "GER"]
[SourceTitle "Verband Muensterland"]
[SourceDate "2025.11.13"]
[SourceVersion "1"]
[SourceVersionDate "2025.11.13"]
[SourceQuality "1"]
[WhiteTeam "Muenster SK IV"]
[BlackTeam "Beelen"]
[WhiteTeamCountry "GER"]
[BlackTeamCountry "GER"]

1. e4 c5 2. Nc3 d6 3. Bb5+ Bd7 4. Bxd7+ Nxd7 5. f4 e6 6. Nf3 a6 7. O-O Ne7 8. d3 Nc6 9. a3 Be7 10. Qe1 Bf6 11. Kh1 Nd4 12. Nxd4 cxd4 13. Ne2 Rc8 14. c4 dxc3 15. Nxc3 Nc5 16. Qe2 Nb3 17. Rb1 O-O 18. e5 Nxc1 19. Rfxc1 dxe5 20. fxe5 Bg5 21. Rd1 Qd4 22. Qe4 Qb6 23. Qg4 Qe3 24. Qe4 Qb6 25. Qg4 1/2-1/2

[Event "Muensterland Verbandsliga 2526"]
[Site "Germany"]
[Date "2025.09.13"]
[Round "1"]
[Board "7"]
[White "Hofene, Markus"]
[Black "Schoepper, Oliver"]
[Result "1/2-1/2"]
[WhiteElo "1659"]
[BlackElo "1729"]
[WhiteFideId "-1"]
[BlackFideId "-1"]
[PlyCount "58"]
[GameId "2224481151821544"]
[EventDate "2025.??.??"]
[EventType "team-tourn"]
[EventRounds "9"]
[EventCountry "GER"]
[SourceTitle "Verband Muensterland"]
[SourceDate "2025.11.13"]
[SourceVersion "1"]
[SourceVersionDate "2025.11.13"]
[SourceQuality "1"]
[WhiteTeam "Beelen"]
[BlackTeam "Muenster SK IV"]
[WhiteTeamCountry "GER"]
[BlackTeamCountry "GER"]

1. d4 d5 2. Nf3 c6 3. e3 Nf6 4. h3 Bf5 5. Bd3 Bxd3 6. Qxd3 Nbd7 7. Nbd2 e6 8. O-O Bd6 9. b3 O-O 10. Bb2 c5 11. Ne5 Qc7 12. Ndf3 Rac8 13. Rac1 c4 14. bxc4 dxc4 15. Qe2 c3 16. Ba1 Nxe5 17. dxe5 Bxe5 18. Qb5 Bd6 19. Rb1 b6 20. Rb3 Ne4 21. Qd3 Nc5 22. Qxc3 f6 23. Rbb1 Ne4 24. Qb3 Rfe8 25. Rbc1 Qc4 26. Rfd1 Bb8 27. Qxc4 Rxc4 28. Nd2 Nxd2 29. Rxd2 Rec8 1/2-1/2

[Event "Muensterland Verbandsliga 2526"]
[Site "Germany"]
[Date "2025.09.13"]
[Round "1"]
[Board "8"]
[White "Raschke, Wolf Dieter"]
[Black "Schemmann, Bernhard"]
[Result "1-0"]
[WhiteElo "1561"]
[BlackElo "1755"]
[WhiteFideId "-1"]
[BlackFideId "-1"]
[PlyCount "51"]
[GameId "2224481185306357"]
[EventDate "2025.??.??"]
[EventType "team-tourn"]
[EventRounds "9"]
[EventCountry "GER"]
[SourceTitle "Verband Muensterland"]
[SourceDate "2025.11.13"]
[SourceVersion "1"]
[SourceVersionDate "2025.11.13"]
[SourceQuality "1"]
[WhiteTeam "Muenster SK IV"]
[BlackTeam "Beelen"]
[WhiteTeamCountry "GER"]
[BlackTeamCountry "GER"]

1. d4 d5 2. c4 e6 3. Nf3 Nf6 4. Nc3 a6 5. Bg5 Be7 6. e3 O-O 7. Be2 dxc4 8. Bxc4 b5 9. Bd3 Bb7 10. Bxf6 Bxf6 11. Be4 Ra7 12. Bxb7 Rxb7 13. O-O g6 14. Ne4 Nd7 15. Rc1 Be7 16. Qb3 Nb6 17. Nc5 Bxc5 18. dxc5 Nd5 19. e4 Nf4 20. Qe3 Qf6 21. Rfd1 e5 22. b4 Rbb8 23. g3 Ne6 24. Rd5 Rbd8 25. Nxe5 Rxd5 26. exd5 1-0

[Event "Muensterland Verbandsliga 2526"]
[Site "Germany"]
[Date "2025.09.13"]
[Round "1"]
[Board "1"]
[White "Weist, Thorsten"]
[Black "Funke, Reinhard"]
[Result "0-1"]
[WhiteElo "1734"]
[BlackElo "2034"]
[WhiteFideId "-1"]
[BlackFideId "-1"]
[PlyCount "70"]
[GameId "2223824335396445"]
[EventDate "2025.??.??"]
[EventType "team-tourn"]
[EventRounds "9"]
[EventCountry "GER"]
[SourceTitle "Verband Muensterland"]
[SourceDate "2025.11.13"]
[SourceVersion "1"]
[SourceVersionDate "2025.11.13"]
[SourceQuality "1"]
[WhiteTeam "Emsdetten Rochade II"]
[BlackTeam "Suedlohn II"]
[WhiteTeamCountry "GER"]
[BlackTeamCountry "GER"]

1. d4 d5 2. Nf3 Nf6 3. c4 e6 4. Nc3 Be7 5. Bg5 h6 6. Bh4 O-O 7. e3 b6 8. cxd5 Nxd5 9. Bxe7 Qxe7 10. Nxd5 exd5 11. Rc1 Be6 12. Qc2 Rc8 13. Bd3 c5 14. b3 Nd7 15. O-O cxd4 16. Qe2 dxe3 17. Qxe3 Rxc1 18. Rxc1 Qd6 19. Nd4 Nc5 20. Bb1 Bd7 21. Re1 Kf8 22. Qf3 Re8 23. Rxe8+ Bxe8 24. h3 Qe5 25. Qd1 g6 26. Nf3 Qb2 27. Bc2 Qxa2 28. Ne5 Qb2 29. Ng4 h5 30. Ne3 d4 31. Nc4 Qc3 32. Ne5 a6 33. Qb1 Kg7 34. b4 Ne6 35. Qa2 Qe1+ 0-1

[Event "Muensterland Verbandsliga 2526"]
[Site "Germany"]
[Date "2025.09.13"]
[Round "1"]
[Board "2"]
[White "Wittek, Felix"]
[Black "Noering, Andreas"]
[Result "1/2-1/2"]
[WhiteElo "1834"]
[BlackElo "1802"]
[WhiteFideId "-1"]
[BlackFideId "-1"]
[PlyCount "24"]
[GameId "2223824335396447"]
[EventDate "2025.??.??"]
[EventType "team-tourn"]
[EventRounds "9"]
[EventCountry "GER"]
[SourceTitle "Verband Muensterland"]
[SourceDate "2025.11.13"]
[SourceVersion "1"]
[SourceVersionDate "2025.11.13"]
[SourceQuality "1"]
[WhiteTeam "Suedlohn II"]
[BlackTeam "Emsdetten Rochade II"]
[WhiteTeamCountry "GER"]
[BlackTeamCountry "GER"]

1. e4 e5 2. Nf3 Nf6 3. Nxe5 d6 4. Nf3 Nxe4 5. d4 d5 6. Bd3 Bd6 7. O-O Bg4 8. c3 O-O 9. Nbd2 Nxd2 10. Bxd2 Nd7 11. Re1 Qf6 12. Be2 c6 1/2-1/2

[Event "Muensterland Verbandsliga 2526"]
[Site "Germany"]
[Date "2025.09.13"]
[Round "1"]
[Board "3"]
[White "Lehmann, Mona"]
[Black "Albersmann, Rene"]
[Result "1-0"]
[WhiteElo "1869"]
[BlackElo "1844"]
[WhiteFideId "-1"]
[BlackFideId "-1"]
[PlyCount "65"]
[GameId "2223824335396449"]
[EventDate "2025.??.??"]
[EventType "team-tourn"]
[EventRounds "9"]
[EventCountry "GER"]
[SourceTitle "Verband Muensterland"]
[SourceDate "2025.11.13"]
[SourceVersion "1"]
[SourceVersionDate "2025.11.13"]
[SourceQuality "1"]
[WhiteTeam "Emsdetten Rochade II"]
[BlackTeam "Suedlohn II"]
[WhiteTeamCountry "GER"]
[BlackTeamCountry "GER"]

1. e4 c5 2. Nf3 Nc6 3. c3 Nf6 4. e5 Nd5 5. d4 cxd4 6. cxd4 d6 7. exd6 e6 8. Nc3 Bxd6 9. Bd3 Nf4 10. Bxf4 Bxf4 11. O-O O-O 12. g3 Bh6 13. Re1 g6 14. Be4 Qb6 15. Na4 Qb5 16. Bxc6 Qxc6 17. Ne5 Qd6 18. Qg4 Rd8 19. Rad1 b6 20. Qf3 Ba6 21. Qxf7+ Kh8 22. Qf6+ Bg7 23. Qf3 Bxe5 24. dxe5 Qe7 25. Rd6 Bb7 26. Qd3 Bd5 27. Nc3 Rxd6 28. exd6 Qxd6 29. Qd4+ Kg8 30. Ne4 Qc7 31. Nf6+ Kf8 32. Nxd5 exd5 33. Qh8+ 1-0

[Event "Muensterland Verbandsliga 2526"]
[Site "Germany"]
[Date "2025.09.13"]
[Round "1"]
[Board "4"]
[White "Harbers, Gerard"]
[Black "Luecke, Thomas"]
[Result "1/2-1/2"]
[WhiteElo "1837"]
[BlackElo "1883"]
[WhiteFideId "-1"]
[BlackFideId "-1"]
[PlyCount "62"]
[GameId "2223824335396451"]
[EventDate "2025.??.??"]
[EventType "team-tourn"]
[EventRounds "9"]
[EventCountry "GER"]
[SourceTitle "Verband Muensterland"]
[SourceDate "2025.11.13"]
[SourceVersion "1"]
[SourceVersionDate "2025.11.13"]
[SourceQuality "1"]
[WhiteTeam "Suedlohn II"]
[BlackTeam "Emsdetten Rochade II"]
[WhiteTeamCountry "GER"]
[BlackTeamCountry "GER"]

1. e4 c6 2. Nf3 d5 3. d3 dxe4 4. dxe4 Qxd1+ 5. Kxd1 Bg4 6. Be2 Nd7 7. Nd4 Bxe2+ 8. Kxe2 e5 9. Nb3 Ngf6 10. f3 a5 11. a4 Nc5 12. Nxc5 Bxc5 13. Nd2 Nd7 14. Nc4 Ke7 15. Rd1 Rhd8 16. Bd2 b6 17. Be3 Bxe3 18. Kxe3 Rab8 19. b3 f6 20. g3 Nf8 21. Rxd8 Kxd8 22. Rd1+ Kc7 23. f4 exf4+ 24. gxf4 Re8 25. Rd2 Re7 26. Kf3 Nd7 27. h4 Nc5 28. e5 Nd7 29. Rg2 g6 30. exf6 Nxf6 31. Ne5 Nd7 1/2-1/2

[Event "Muensterland Verbandsliga 2526"]
[Site "Germany"]
[Date "2025.09.13"]
[Round "1"]
[Board "6"]
[White "Richters, Alfred"]
[Black "Fehlings, Gerd"]
[Result "1/2-1/2"]
[WhiteElo "1827"]
[BlackElo "1730"]
[WhiteFideId "-1"]
[BlackFideId "-1"]
[PlyCount "37"]
[GameId "2223824335396455"]
[EventDate "2025.??.??"]
[EventType "team-tourn"]
[EventRounds "9"]
[EventCountry "GER"]
[SourceTitle "Verband Muensterland"]
[SourceDate "2025.11.13"]
[SourceVersion "1"]
[SourceVersionDate "2025.11.13"]
[SourceQuality "1"]
[WhiteTeam "Suedlohn II"]
[BlackTeam "Emsdetten Rochade II"]
[WhiteTeamCountry "GER"]
[BlackTeamCountry "GER"]

1. d4 d5 2. Nf3 Nf6 3. Bf4 e6 4. Nbd2 c5 5. e3 Nc6 6. c3 Bd6 7. Bg3 O-O 8. Bd3 b6 9. Ne5 Qc7 10. f4 Bb7 11. O-O Ne7 12. Bf2 Ne4 13. Nxe4 dxe4 14. Be2 Nc6 15. Rc1 Rac8 16. Bg3 Ne7 17. Bf2 Nd5 18. Nc4 Be7 19. Qd2 1/2-1/2

[Event "Muensterland Verbandsliga 2526"]
[Site "Germany"]
[Date "2025.09.13"]
[Round "1"]
[Board "7"]
[White "Colmer, Willi"]
[Black "Boecker, Manfred"]
[Result "1/2-1/2"]
[WhiteElo "1749"]
[BlackElo "1775"]
[WhiteFideId "-1"]
[BlackFideId "-1"]
[PlyCount "43"]
[GameId "2223824335396457"]
[EventDate "2025.??.??"]
[EventType "team-tourn"]
[EventRounds "9"]
[EventCountry "GER"]
[SourceTitle "Verband Muensterland"]
[SourceDate "2025.11.13"]
[SourceVersion "1"]
[SourceVersionDate "2025.11.13"]
[SourceQuality "1"]
[WhiteTeam "Emsdetten Rochade II"]
[BlackTeam "Suedlohn II"]
[WhiteTeamCountry "GER"]
[BlackTeamCountry "GER"]

1. d4 e6 2. c4 f5 3. Nc3 b6 4. Bf4 Bb7 5. e3 Nf6 6. Nf3 Bb4 7. Be2 O-O 8. O-O Bxc3 9. bxc3 d6 10. Ng5 Qe7 11. Bf3 c6 12. Be2 h6 13. Nf3 Ne4 14. Qc2 Nd7 15. h3 Rae8 16. Rad1 e5 17. Bh2 c5 18. d5 Bc8 19. Nd2 Nxd2 20. Rxd2 Nf6 21. Bd3 Nh7 22. f4 1/2-1/2

[Event "Muensterland Verbandsliga 2526"]
[Site "Germany"]
[Date "2025.09.13"]
[Round "1"]
[Board "8"]
[White "Schmeing, Manfred"]
[Black "Gerighausen, Karl Heinz"]
[Result "1/2-1/2"]
[WhiteElo "1686"]
[BlackElo "1639"]
[WhiteFideId "-1"]
[BlackFideId "-1"]
[PlyCount "84"]
[GameId "2223824335396459"]
[EventDate "2025.??.??"]
[EventType "team-tourn"]
[EventRounds "9"]
[EventCountry "GER"]
[SourceTitle "Verband Muensterland"]
[SourceDate "2025.11.13"]
[SourceVersion "1"]
[SourceVersionDate "2025.11.13"]
[SourceQuality "1"]
[WhiteTeam "Suedlohn II"]
[BlackTeam "Emsdetten Rochade II"]
[WhiteTeamCountry "GER"]
[BlackTeamCountry "GER"]

1. e4 c5 2. Nc3 Nc6 3. g3 g6 4. Bg2 Bg7 5. d3 e6 6. f4 Nge7 7. Nf3 d6 8. O-O O-O 9. Kh1 Nd4 10. Nxd4 Bxd4 11. Ne2 Bg7 12. c3 Rb8 13. h3 b5 14. Be3 b4 15. d4 bxc3 16. bxc3 Ba6 17. Rf2 Qb6 18. Rc1 Rfd8 19. g4 Qa5 20. f5 exf5 21. gxf5 gxf5 22. exf5 Bf6 23. Ng3 Bb7 24. Bxb7 Rxb7 25. Ne4 Bh8 26. Bh6 cxd4 27. Qg4+ Ng6 28. fxg6 hxg6 29. cxd4 Bxd4 30. Nf6+ Bxf6 31. Rxf6 Rb4 32. Qg2 Qh5 33. Bf4 d5 34. Qg4 Qxg4 35. hxg4 g5 36. Bxg5 Rxg4 37. Rg6+ fxg6 38. Bxd8 Ra4 39. Rc2 Kf7 40. Re2 Re4 41. Rxe4 dxe4 42. Kg2 Ke8 1/2-1/2

[Event "Muensterland Verbandsliga 2526"]
[Site "Germany"]
[Date "2025.09.13"]
[Round "1"]
[Board "1"]
[White "Eiersbrock, Robin"]
[Black "Kemper, Georg"]
[Result "1-0"]
[WhiteElo "2052"]
[BlackElo "1919"]
[WhiteFideId "-1"]
[BlackFideId "-1"]
[PlyCount "31"]
[GameId "2223824385523683"]
[EventDate "2025.??.??"]
[EventType "team-tourn"]
[EventRounds "9"]
[EventCountry "GER"]
[SourceTitle "Verband Muensterland"]
[SourceDate "2025.11.13"]
[SourceVersion "1"]
[SourceVersionDate "2025.11.13"]
[SourceQuality "1"]
[WhiteTeam "Duelmen"]
[BlackTeam "Nienberge II"]
[WhiteTeamCountry "GER"]
[BlackTeamCountry "GER"]

1. Nf3 e6 2. c4 d5 3. g3 c6 4. Bg2 Bd6 5. Nc3 Nf6 6. d4 O-O 7. O-O dxc4 8. e4 Be7 9. a4 Qa5 10. Ne5 b5 11. Bg5 Qb6 12. Ng4 b4 13. e5 bxc3 14. exf6 Bxf6 15. Nxf6+ gxf6 16. Bxf6 1-0

[Event "Muensterland Verbandsliga 2526"]
[Site "Germany"]
[Date "2025.09.13"]
[Round "1"]
[Board "2"]
[White "Becker, Daniel"]
[Black "Loedding, Detlef"]
[Result "1/2-1/2"]
[WhiteElo "1825"]
[BlackElo "1860"]
[WhiteFideId "-1"]
[BlackFideId "-1"]
[PlyCount "57"]
[GameId "2223824385523685"]
[EventDate "2025.??.??"]
[EventType "team-tourn"]
[EventRounds "9"]
[EventCountry "GER"]
[SourceTitle "Verband Muensterland"]
[SourceDate "2025.11.13"]
[SourceVersion "1"]
[SourceVersionDate "2025.11.13"]
[SourceQuality "1"]
[WhiteTeam "Nienberge II"]
[BlackTeam "Duelmen"]
[WhiteTeamCountry "GER"]
[BlackTeamCountry "GER"]

1. e4 c5 2. Nc3 Nc6 3. g3 e6 4. Bg2 Nge7 5. d3 d5 6. exd5 Nxd5 7. Nge2 Be7 8. O-O O-O 9. Nxd5 exd5 10. d4 Bg4 11. dxc5 Bxc5 12. h3 Bxe2 13. Qxe2 Re8 14. Qb5 Bb6 15. Qxd5 Qf6 16. Qf3 Qg6 17. Bd2 Nd4 18. Qd3 Nxc2 19. Qxg6 hxg6 20. Rac1 Nd4 21. Kh1 Re7 22. Bb4 Re2 23. Bc3 Nb5 24. Bxb7 Rb8 25. Bf3 Nxc3 26. Bxe2 Nxe2 27. Rc4 Nd4 28. Kg2 Re8 29. Rd1 1/2-1/2

[Event "Muensterland Verbandsliga 2526"]
[Site "Germany"]
[Date "2025.09.13"]
[Round "1"]
[Board "3"]
[White "Dieckerhoff, Stefan"]
[Black "Bahr, Maximilian"]
[Result "1/2-1/2"]
[WhiteElo "1767"]
[BlackElo "1772"]
[WhiteFideId "-1"]
[BlackFideId "-1"]
[PlyCount "93"]
[GameId "2223824385523687"]
[EventDate "2025.??.??"]
[EventType "team-tourn"]
[EventRounds "9"]
[EventCountry "GER"]
[SourceTitle "Verband Muensterland"]
[SourceDate "2025.11.13"]
[SourceVersion "1"]
[SourceVersionDate "2025.11.13"]
[SourceQuality "1"]
[WhiteTeam "Duelmen"]
[BlackTeam "Nienberge II"]
[WhiteTeamCountry "GER"]
[BlackTeamCountry "GER"]

1. Nf3 d5 2. c4 c6 3. g3 Nf6 4. Bg2 Nbd7 5. d4 e6 6. O-O dxc4 7. a4 Bd6 8. Nbd2 O-O 9. Nxc4 Bc7 10. b4 Nd5 11. Ba3 N7b6 12. Nce5 f6 13. a5 fxe5 14. axb6 Bxb6 15. b5 exd4 16. Bxf8 Qxf8 17. bxc6 bxc6 18. Nxd4 Nc3 19. Qb3 Bxd4 20. Bxc6 Nxe2+ 21. Kg2 Bd7 22. Bxd7 Bxa1 23. Qxe6+ Kh8 24. Rxa1 Nd4 25. Qe4 Nb3 26. Re1 Nc5 27. Qc6 Nxd7 28. Qxd7 h6 29. Ra1 a5 30. Ra4 Qc5 31. Rg4 Qe5 32. Qc6 Rf8 33. Ra4 Rf5 34. Re4 Qd5 35. Qxd5 Rxd5 36. Kf3 Kg8 37. Ke3 Kf7 38. f4 Kf6 39. g4 g5 40. Ra4 gxf4+ 41. Kxf4 Rb5 42. Kg3 Ke6 43. h4 Ke5 44. Kf3 Rb3+ 45. Kf2 Rb2+ 46. Kf3 Rb5 47. Kg3 1/2-1/2

[Event "Muensterland Verbandsliga 2526"]
[Site "Germany"]
[Date "2025.09.13"]
[Round "1"]
[Board "4"]
[White "Garrell, Damian"]
[Black "Rebber, Christian"]
[Result "0-1"]
[WhiteElo "1792"]
[BlackElo "1799"]
[WhiteFideId "-1"]
[BlackFideId "-1"]
[PlyCount "148"]
[GameId "2223824385589225"]
[EventDate "2025.??.??"]
[EventType "team-tourn"]
[EventRounds "9"]
[EventCountry "GER"]
[SourceTitle "Verband Muensterland"]
[SourceDate "2025.11.13"]
[SourceVersion "1"]
[SourceVersionDate "2025.11.13"]
[SourceQuality "1"]
[WhiteTeam "Nienberge II"]
[BlackTeam "Duelmen"]
[WhiteTeamCountry "GER"]
[BlackTeamCountry "GER"]

1. d4 d5 2. Nf3 Nf6 3. Bf4 Bf5 4. e3 e6 5. c4 c6 6. Qb3 b6 7. Nc3 Be7 8. Ne5 O-O 9. Be2 h6 10. O-O Nfd7 11. Rac1 Nxe5 12. Bxe5 Nd7 13. Bg3 Nf6 14. cxd5 exd5 15. Ba6 Bc8 16. Bd3 Bd6 17. Rfd1 Bxg3 18. hxg3 Qe7 19. Ne2 Bd7 20. Nf4 Rfe8 21. Ba6 Rab8 22. Rc2 Qd6 23. Rdc1 Ne4 24. a4 g5 25. Nd3 c5 26. Ne5 c4 27. Qa2 Rxe5 28. dxe5 Qxe5 29. b3 Nc5 30. Bb5 cxb3 31. Qb2 Qxb2 32. Rxb2 Bxb5 33. axb5 Nd3 34. Rcb1 Nxb2 35. Rxb2 Rc8 36. Kf1 Kf8 37. Rxb3 Ke7 38. Ke2 Rc2+ 39. Kf3 h5 40. g4 h4 41. Ra3 Rc7 42. Ra2 Ke6 43. Ke2 f6 44. Kd3 Ke5 45. Ra4 Re7 46. f3 Kd6 47. Kd4 Rc7 48. f4 Re7 49. Ra3 Re4+ 50. Kd3 gxf4 51. exf4 Rxf4 52. Rxa7 Rxg4 53. Rf7 Kc5 54. Rxf6 Kxb5 55. Rh6 Kc5 56. Rh8 Rg3+ 57. Kc2 Rxg2+ 58. Kc3 Rg3+ 59. Kc2 h3 60. Rc8+ Kd4 61. Rh8 b5 62. Rh7 b4 63. Rh8 Ra3 64. Kb2 Re3 65. Rh4+ Kc5 66. Rh8 d4 67. Rc8+ Kd5 68. Rd8+ Ke4 69. Rb8 Rg3 70. Re8+ Kf3 71. Rf8+ Kg2 72. Re8 h2 73. Re2+ Kh3 74. Re1 Rg1 0-1

[Event "Muensterland Verbandsliga 2526"]
[Site "Germany"]
[Date "2025.09.13"]
[Round "1"]
[Board "5"]
[White "Gehlen, Horst"]
[Black "Ringwelski, Marius"]
[Result "1-0"]
[WhiteElo "1601"]
[BlackElo "1982"]
[WhiteFideId "-1"]
[BlackFideId "-1"]
[PlyCount "43"]
[GameId "2223824385589227"]
[EventDate "2025.??.??"]
[EventType "team-tourn"]
[EventRounds "9"]
[EventCountry "GER"]
[SourceTitle "Verband Muensterland"]
[SourceDate "2025.11.13"]
[SourceVersion "1"]
[SourceVersionDate "2025.11.13"]
[SourceQuality "1"]
[WhiteTeam "Duelmen"]
[BlackTeam "Nienberge II"]
[WhiteTeamCountry "GER"]
[BlackTeamCountry "GER"]

1. e4 c5 2. Nc3 a6 3. Nf3 e6 4. d4 cxd4 5. Nxd4 d6 6. Bc4 Nf6 7. Bb3 Be7 8. f4 e5 9. Nde2 Qb6 10. Qd3 Nbd7 11. Qf3 Nc5 12. f5 Nxb3 13. axb3 Qc7 14. Bg5 d5 15. Bxf6 dxe4 16. Qxe4 gxf6 17. O-O-O Bd7 18. Qd3 O-O-O 19. Nd5 Qd6 20. c4 Rhg8 21. Rhg1 Rg4 22. Ng3 1-0

[Event "Muensterland Verbandsliga 2526"]
[Site "Germany"]
[Date "2025.09.13"]
[Round "1"]
[Board "6"]
[White "Wilmes, Niklas"]
[Black "Sindermann, Erwin"]
[Result "0-1"]
[WhiteElo "1749"]
[BlackElo "1769"]
[WhiteFideId "-1"]
[BlackFideId "-1"]
[PlyCount "46"]
[GameId "2223824385589229"]
[EventDate "2025.??.??"]
[EventType "team-tourn"]
[EventRounds "9"]
[EventCountry "GER"]
[SourceTitle "Verband Muensterland"]
[SourceDate "2025.11.13"]
[SourceVersion "1"]
[SourceVersionDate "2025.11.13"]
[SourceQuality "1"]
[WhiteTeam "Nienberge II"]
[BlackTeam "Duelmen"]
[WhiteTeamCountry "GER"]
[BlackTeamCountry "GER"]

1. e4 c5 2. Nf3 Nc6 3. b4 cxb4 4. d4 d5 5. exd5 Qxd5 6. c4 Qd6 7. Bb2 Bg4 8. d5 Nb8 9. Be2 Nd7 10. O-O Ngf6 11. a3 g6 12. Re1 Bg7 13. axb4 O-O 14. Nbd2 e6 15. dxe6 Bxe6 16. c5 Qc7 17. Nd4 Nd5 18. Nxe6 fxe6 19. Bxg7 Kxg7 20. Ne4 Qf4 21. Bf3 Ne5 22. Qd4 Nf6 23. g3 Nxf3+ 0-1

[Event "Muensterland Verbandsliga 2526"]
[Site "Germany"]
[Date "2025.09.13"]
[Round "1"]
[Board "7"]
[White "Reufer, Berthold"]
[Black "Nuerenberg, Bernd"]
[Result "0-1"]
[WhiteElo "1593"]
[BlackElo "1731"]
[WhiteFideId "-1"]
[BlackFideId "-1"]
[PlyCount "78"]
[GameId "2223824385589231"]
[EventDate "2025.??.??"]
[EventType "team-tourn"]
[EventRounds "9"]
[EventCountry "GER"]
[SourceTitle "Verband Muensterland"]
[SourceDate "2025.11.13"]
[SourceVersion "1"]
[SourceVersionDate "2025.11.13"]
[SourceQuality "1"]
[WhiteTeam "Duelmen"]
[BlackTeam "Nienberge II"]
[WhiteTeamCountry "GER"]
[BlackTeamCountry "GER"]

1. e4 c5 2. Nf3 Nc6 3. d4 cxd4 4. Nxd4 g6 5. Nxc6 bxc6 6. Qd4 Nf6 7. e5 Nd5 8. e6 Nf6 9. exf7+ Kxf7 10. Bd2 Bg7 11. Bc3 Re8 12. Nd2 d5 13. Be2 e5 14. Qc5 Qb6 15. Qxb6 axb6 16. Nf3 Ne4 17. Bd2 Nxd2 18. Nxd2 Bf5 19. c3 Bh6 20. Nf3 Bd7 21. O-O c5 22. Rfd1 Bc6 23. h3 e4 24. Nh2 Bg7 25. Ng4 b5 26. a3 Rac8 27. Rab1 h5 28. Ne3 d4 29. Nf5 Red8 30. Nxg7 Kxg7 31. cxd4 cxd4 32. Rbc1 d3 33. Bf1 Bd5 34. f3 Bb3 35. Rxc8 Rxc8 36. Rd2 Rc2 37. Rd1 Rxb2 38. Ra1 d2 39. Be2 e3 0-1